LANGUAGE ACROSS THE CURRICULUM (Record no. 12759)
[ view plain ]
| 000 -LEADER | |
|---|---|
| fixed length control field | 00295nam a22001337a 4500 |
| 003 - CONTROL NUMBER IDENTIFIER | |
| control field | SGT |
| 082 ## - DEWEY DECIMAL CLASSIFICATION NUMBER | |
| Classification number | 375 |
| Item number | L16A |
| 100 ## - MAIN ENTRY--PERSONAL NAME | |
| Personal name | AREEK, SANTOSH |
| 245 ## - TITLE STATEMENT | |
| Title | LANGUAGE ACROSS THE CURRICULUM |
| 260 ## - PUBLICATION, DISTRIBUTION, ETC. (IMPRINT) | |
| Place of publication, distribution, etc | NEW DELHI |
| Name of publisher, distributor, etc | NEELKAMAL PUB |
| Year of Publication | 2016 |
| 300 ## - PAGE DESCRIPTION | |
| No. of Pages | 130 |
| 650 ## - SUBJECT ADDED ENTRY--TOPICAL TERM | |
| Topical term or geographic name as entry element | EDUCATION |
| 942 ## - ADDED ENTRY ELEMENTS (KOHA) | |
| Source of classification or shelving scheme | Dewey Decimal Classification |
| Koha item type | Books |
| 942 ## - ADDED ENTRY ELEMENTS (KOHA) | |
| -- | 4 |
| Withdrawn status | Lost status | Source of classification or shelving scheme | Damaged status | Not for loan | Collection code | Home library | Current library | Shelving location | Date acquired | Vendor Name | Cost, normal purchase price | SGTU | Bill Number | Total Checkouts | Total Renewals | Full call number | Accession No. (Barcode) | Date last seen | Date last borrowed | Bill Date | Koha item type |
|---|---|---|---|---|---|---|---|---|---|---|---|---|---|---|---|---|---|---|---|---|---|
| Dewey Decimal Classification | EDUCATION | SGT Engineering Library | SGT Engineering Library | Text Book | 26/07/2017 | ONS BOOK | 195.00 | SGTU | ONS/GTT/01-16-17 | 5 | 1 | 375 L16A | ED3249 | 15/10/2024 | 01/10/2024 | 17/03/2017 | Books | ||||
| Dewey Decimal Classification | EDUCATION | SGT Engineering Library | SGT Engineering Library | Text Book | 26/07/2017 | ONS BOOK | 195.00 | SGTU | ONS/GTT/01-16-17 | 2 | 375 L16A | ED3250 | 15/10/2018 | 24/09/2018 | 17/03/2017 | Books |